Použitá zoologie. Sv. 3, Atlas obrazů

Hlavní autor: Kratochvíl, Josef, 1909-1992
Jazyk: Čeština
Vydáno: Praha, 1954
Knihy
Uloženo v:
LEADER 00537nam a22001812a 4500
001 000380567
003 CZ BrMZK
005 19961101143423.0
007 ta
008 950101s1954 xr f cze d
040 |a BOA001  |b cze 
100 1 |a Kratochvíl, Josef,  |d 1909-1992  |7 jk01062981 
245 1 0 |a Použitá zoologie.  |n Sv. 3,  |p Atlas obrazů 
246 3 0 |a Atlas obrazů 
260 |a Praha,  |c 1954 
910 |a BOA001  |b 4-0303.200,3 
990 |a BK 
996 7 |b 2619878859  |c 4-0303.200,3  |l MZK  |r Sklad / do 24 hodin  |n 2  |w 000380567  |u 000010  |a 1  |e BOA001  |j MZK50  |s A